Normal view
MARC view
Entry Personal Name
001 - CONTROL NUMBER
- control field: 29250
003 - CONTROL NUMBER IDENTIFIER
- control field: OSt
005 - DATE AND TIME OF LATEST TRANSACTION
- control field: 20211105135244.0
008 - FIXED-LENGTH DATA ELEMENTS
- fixed length control field: 211105|| aca||aabn | a|a d
040 ## - CATALOGING SOURCE
- Original cataloging agency: OSt
- Transcribing agency: OSt
100 ## - HEADING--PERSONAL NAME
- Personal name: Bailes, Mathew, ed
670 ## - SOURCE DATA FOUND
- Source citation: Work cat.: (OSt): Meeting on Radio Pulsars Greece 2002 Aug. 26-29 29249, Radio pulsars, 2003